• 首页
  • 本馆介绍
  • 公告通知
  • 最新文献
  • 馆藏检索
  • 电子资源
  • 读者导购
  • 参考咨询
  • 我的图书馆
  • 登录
  • 详细信息显示
  • 放入我的书架
  • 预约/预借图书
  • 作者相关作品
  • 分类相关作品
  • 丛书相关作品
  • 出版社相关作品

书目信息

  • 表格格式
  • 工作单格式
  • 卡片格式
题名:
老年心理学
    
 
作者: 程学超 , 王洪美 著
分册:  
出版信息: 济南   山东教育出版社  1986
页数: 403页
开本: 20cm
丛书名:
单 册:
中图分类: B844.4
科图分类:
主题词: 老年心理学
电子资源:
ISBN:
000 00601nam0 2200229 450
001 1561012003
005 20150131165703.15
010    @dCNY2.50
091    @a7275.593
100    @a19960215d1986 em y0chiy0110 ea
101 0  @achi
102    @aCN@b370000
105    @ay z 000yy
200 1  @a老年心理学@9lao nian xin li xue@f程学超,王洪美著
210    @a济南@c山东教育出版社@d1986
215    @a403页@d20cm
606 0  @a老年心理学
690    @aB844.4@v5
701  0 @a程学超@9cheng xue chao@4著
701  0 @a王洪美@9wang hong mei@4著
801  0 @aCN@bTSSF@c20150131
905    @aZUCC@dB844.4@eJY2
    
    老年心理学/程学超,王洪美著.-济南:山东教育出版社,1986
    403页;20cm
    
    
    ISBN :CNY2.50
    
●
相关链接 在E读中查询图书 在五车中查询图书 在当当中查询图书 在豆瓣中查询图书


正题名:老年心理学     索取号:B844.4/JY2         预约/预借

序号 登录号 条形码 馆藏地/架位号 状态 备注
1 7857201   278572019   学院路分馆/ [索取号:B844.4/JY2] 在馆    
唐山师范学院图书馆 欢迎您!
大连网信软件有限公司© 版权所有